000 00420nam a22001457a 4500
003 OSt
005 20251014122106.0
008 251014b |||||||| |||| 00| 0 eng d
020 _a9789966255222
040 _cMORAN PUBLISHERS
050 _aPL 8704 .I742014
245 _aALIDHANI KAPATA
_bNA HADITHI NYINGINE
_cIRIBEMWANGI I.P
260 _aNAIROBI, KENYA
_bEAST AFRICA EDUCATIONAL PUBLISHERS
_c2007
942 _2lcc
_cBK
_n0
999 _c9607
_d9607